| 000 | 00434nam a2200181Ia 4500 | ||
|---|---|---|---|
| 008 | 230524s9999 xx 000 0 und d | ||
| 020 | _a9789339204457 | ||
| 082 |
_a174.962 _bMAR |
||
| 100 | _aMike W.Martin | ||
| 245 | 0 | _aEthics in Engineering | |
| 250 | _a1 | ||
| 260 |
_aNew Delhi _bMGH _c2015 |
||
| 300 | _a"XI,339p;" | ||
| 500 | _aQuantity Number: 2 | ||
| 650 | _aManagement | ||
| 700 | _aRoland Schinzinger | ||
| 942 | _cBK | ||
| 999 |
_c58322 _d58322 |
||